| 000 | 00795 a2200253 4500 | ||
|---|---|---|---|
| 003 | OSt | ||
| 005 | 20180116192349.0 | ||
| 008 | 120601t xxu||||| |||| 00| 0 eng d | ||
| 010 | _a 78010766 | ||
| 020 | _a0030436117 : | ||
| 020 | _a9780495501817 | ||
| 040 | _c0 | ||
| 082 | 0 | 0 | _a745.4 |
| 100 | 1 |
_aLauer, David A. _93238 |
|
| 245 | 1 | 0 |
_aDesign basics / _cDavid A. Lauer and Stephen Pentak |
| 260 |
_aNew York : _bHolt, Rinehart, and Winston, _cc1979. |
||
| 300 |
_aix, 241 p. : _bill. ; _c28 cm. |
||
| 500 | _aIncludes index. | ||
| 650 | 1 | 0 |
_aDesign. _xBalances (Weighing instruments) _93239 |
| 650 | 1 | 0 |
_aLine _xFair value. _93240 |
| 650 | 1 | 0 |
_aColor in advertising _93241 |
| 942 |
_aSADA _cBK _k745.4 LAU 1979 _2ddc |
||
| 999 |
_c352880 _d352880 |
||